Ensayos en torno a una propueta de reforma constitucional en materia de política exterior y derechos humanos /
Con la disolución de las fronteras nacionales se plantean nuevas problemáticas a nuestro máximo ordenamiento jurídico, esta obra aborda aportaciones en este sentido, porque la agenda jurídica de México tiene pendientes la Reforma del Estado, misma que debe situarse en el marco de una revisión integr...
Salvato in:
| Altri autori: | |
|---|---|
| Natura: | Libro |
| Lingua: | spagnolo |
| Pubblicazione: |
México :
Porrúa : Universidad Iberoamericana, Plantel Santa Fe,
2004, c2004
|
| Soggetti: | |
| Tags: |
Nessun Tag, puoi essere il primo ad aggiungerne!!
|
MARC
| LEADER | 00000nam^a2200000^a^4500 | ||
|---|---|---|---|
| 001 | 000171954 | ||
| 005 | 20250521000000.0 | ||
| 009 | 20260310101402.3 | ||
| 020 | |a 970-07-5109-0 | ||
| 037 | |a Acervo ITESO - Biblioteca | ||
| 041 | |a ESP | ||
| 082 | |a 342. 7203 |b ENS | ||
| 245 | 0 | 0 | |a Ensayos en torno a una propueta de reforma constitucional en materia de política exterior y derechos humanos / |c L. Ortiz Ahlf... [et al.]. |
| 264 | 4 | |a México : |b Porrúa : |b Universidad Iberoamericana, Plantel Santa Fe, |c 2004, c2004 | |
| 300 | |a XII, 167 p. | ||
| 336 | |a texto |b txt |2 rdacontenido | ||
| 337 | |a sin mediación |b n |2 rdamedio | ||
| 338 | |a volumen |b nc |2 rdasoporte | ||
| 520 | |a Con la disolución de las fronteras nacionales se plantean nuevas problemáticas a nuestro máximo ordenamiento jurídico, esta obra aborda aportaciones en este sentido, porque la agenda jurídica de México tiene pendientes la Reforma del Estado, misma que debe situarse en el marco de una revisión integral a la Constitución Política del país. | ||
| 649 | |a XX | ||
| 650 | |a Reforma Constitucional - |z México | ||
| 650 | |a Tratados Internacionales - |z México | ||
| 650 | |a Política Exterior | ||
| 650 | |a Derechos Humanos | ||
| 650 | |a Derecho Internacional - |z México | ||
| 650 | |a Derecho Constitucional - |z México | ||
| 700 | |a Ortiz Ahlf, Loretta |e (autor) | ||
| 910 | |a Fondo General | ||
| 920 | |a Impresos - Libros | ||
| 930 | |a Colección General | ||
| 905 | |a 101 | ||
| 901 | |a 0500109583 |b IT1 |c ACC |u 20250521 | ||
| 901 | |a 0500115825 |b IT1 |c ACC |u 20250521 | ||
| 901 | |a 0500115822 |b IT1 |c ACC |u 20250521 | ||
| 902 | |a https://opac.biblio.iteso.mx/vufind/Record/000171954 | ||